[Event "Thüringenliga 2025/26"]
[Site "?"]
[Date "2025.10.26"]
[Round "2.2"]
[White "Zeidler, Andreas"]
[Black "Kachel, Alfred"]
[Result "1-0"]
[WhiteElo "2003"]
[BlackElo "1835"]
[WhiteFideId "-1"]
[BlackFideId "-1"]
[PlyCount "71"]
[GameId "546721030844"]
[EventDate "2025.09.14"]
[EventType "team-tourn"]
[EventRounds "9"]
[SourceTitle "Thueringer Schachbund"]
[Source "ThSB"]
[SourceDate "2025.09.14"]
[SourceVersion "1"]
[SourceVersionDate "2025.09.14"]
[SourceQuality "1"]
[WhiteTeam "SV 1861 Liebschwitz"]
[BlackTeam "SC Rochade Leinefelde"]

1. Nf3 d5 2. g3 Nf6 3. Bg2 c5 4. O-O Nc6 5. d4 e6 6. Bg5 h6 7. Bxf6 Qxf6 8. e3 Be7 9. c4 dxc4 10. Qa4 O-O 11. Qxc4 cxd4 12. exd4 e5 13. d5 Nd8 14. Nc3 Bf5 15. Rfe1 Bd6 16. Nd2 Qe7 17. f4 f6 18. fxe5 Bxe5 19. Nf3 Rc8 20. d6+ Qf7 21. Nxe5 fxe5 22. Qa4 Nc6 23. Rf1 Qd7 24. Rad1 Kh8 25. Qb5 a6 26. Qb6 g6 27. Na4 Nd4 28. Nc5 Qb5 29. Qxb5 axb5 30. Nxb7 Rf7 31. g4 Ne2+ 32. Kh1 Nf4 33. gxf5 Nxg2 34. d7 Rxd7 35. Rxd7 Ne3 36. Re1 1-0

[Event "Thüringenliga 2025/26"]
[Site "?"]
[Date "2025.10.26"]
[Round "2.3"]
[White "May, Alexander"]
[Black "Kastner, Peter"]
[Result "1/2-1/2"]
[WhiteElo "1903"]
[BlackElo "1971"]
[WhiteFideId "-1"]
[BlackFideId "-1"]
[PlyCount "90"]
[GameId "546721058375"]
[EventDate "2025.09.14"]
[EventType "team-tourn"]
[EventRounds "9"]
[SourceTitle "Thueringer Schachbund"]
[Source "ThSB"]
[SourceDate "2025.09.14"]
[SourceVersion "1"]
[SourceVersionDate "2025.09.14"]
[SourceQuality "1"]
[WhiteTeam "SC Rochade Leinefelde"]
[BlackTeam "SV 1861 Liebschwitz"]

1. d4 Nf6 2. Nf3 e6 3. Nbd2 d5 4. e3 c5 5. b3 cxd4 6. exd4 Nc6 7. Bb2 Be7 8. Be2 O-O 9. O-O b6 10. Ne5 Bb7 11. f4 Rc8 12. a3 Ne4 13. Bd3 f5 14. Ndf3 Nxe5 15. Nxe5 Bd6 16. c4 dxc4 17. bxc4 Nf6 18. Rc1 Qe7 19. Qb3 Be4 20. a4 Bxd3 21. Qxd3 Ne4 22. a5 Rfd8 23. axb6 axb6 24. Rfd1 g5 25. Qe3 gxf4 26. Qxf4 Qg7 27. Kh1 Bxe5 28. dxe5 Rxd1+ 29. Rxd1 Qc7 30. g4 Qxc4 31. gxf5 Qe2 32. Rg1+ Kh8 33. Bd4 Qd3 34. Qe3 Qxe3 35. Bxe3 exf5 36. Bxb6 Rc6 37. Bd4 Rc4 38. Ba1 Nf2+ 39. Kg2 Ng4 40. h3 Ne3+ 41. Kf3 Nc2 42. e6+ Nxa1 43. Rxa1 Kg7 44. Ra5 Re4 45. Rxf5 Rxe6 1/2-1/2

[Event "Thüringenliga 2025/26"]
[Site "?"]
[Date "2025.10.26"]
[Round "2.4"]
[White "Biel, Maik"]
[Black "Körner, Jonas"]
[Result "1/2-1/2"]
[WhiteElo "1915"]
[BlackElo "1889"]
[WhiteFideId "-1"]
[BlackFideId "-1"]
[PlyCount "45"]
[GameId "546721084978"]
[EventDate "2025.09.14"]
[EventType "team-tourn"]
[EventRounds "9"]
[SourceTitle "Thueringer Schachbund"]
[Source "ThSB"]
[SourceDate "2025.09.14"]
[SourceVersion "1"]
[SourceVersionDate "2025.09.14"]
[SourceQuality "1"]
[WhiteTeam "SV 1861 Liebschwitz"]
[BlackTeam "SC Rochade Leinefelde"]

1. d4 Nf6 2. c4 g6 3. Nc3 d5 4. cxd5 Nxd5 5. e4 Nxc3 6. bxc3 Bg7 7. Bc4 c5 8. Ne2 O-O 9. Be3 Nc6 10. O-O Bg4 11. f3 Bd7 12. Qd2 Qa5 13. Bh6 cxd4 14. Bxg7 Kxg7 15. Rac1 Rad8 16. Qb2 dxc3 17. Rxc3 f6 18. Qxb7 Ne5 19. Rfc1 Rb8 20. Qd5 Qb6+ 21. Qd4 Nxc4 22. Rxc4 Be6 23. Qxb6 1/2-1/2

[Event "Thüringenliga 2025/26"]
[Site "?"]
[Date "2025.10.26"]
[Round "2.5"]
[White "Meitzner, Johan Eduard"]
[Black "Kitzig, Tobias"]
[Result "0-1"]
[WhiteElo "1636"]
[BlackElo "1850"]
[WhiteFideId "-1"]
[BlackFideId "-1"]
[PlyCount "80"]
[GameId "546721125611"]
[EventDate "2025.09.14"]
[EventType "team-tourn"]
[EventRounds "9"]
[SourceTitle "Thueringer Schachbund"]
[Source "ThSB"]
[SourceDate "2025.09.14"]
[SourceVersion "1"]
[SourceVersionDate "2025.09.14"]
[SourceQuality "1"]
[WhiteTeam "SC Rochade Leinefelde"]
[BlackTeam "SV 1861 Liebschwitz"]

1. d4 Nf6 2. e3 e6 3. Bd3 b6 4. f4 Bb7 5. Nf3 d5 6. Nbd2 Be7 7. O-O Ne4 8. c3 Nd7 9. Ne5 O-O 10. Qf3 f5 11. Kh1 Ndf6 12. g4 Nxd2 13. Bxd2 Ne4 14. Bxe4 dxe4 15. Qh3 Bd6 16. Rad1 Ba6 17. Rfe1 Qe7 18. Rc1 c5 19. Qg2 Rac8 20. a3 Bxe5 21. dxe5 Rfd8 22. gxf5 exf5 23. c4 Qe6 24. b3 Rd3 25. Rc3 Rcd8 26. Rxd3 Rxd3 27. Rb1 Qd7 28. Rb2 b5 29. cxb5 Bxb5 30. h4 Qe6 31. Rc2 Qxb3 32. Rxc5 Qd1+ 33. Kh2 Rxd2 34. e6 Rxg2+ 35. Kxg2 Qf3+ 36. Kh2 Qf2+ 37. Kh1 Qxh4+ 38. Kg2 Qg4+ 39. Kh2 h5 40. Rxb5 Qe2+ 0-1

[Event "Thüringenliga 2025/26"]
[Site "?"]
[Date "2025.10.26"]
[Round "2.6"]
[White "Müller, Gunther"]
[Black "Frank, Thomas"]
[Result "1/2-1/2"]
[WhiteElo "1696"]
[BlackElo "1831"]
[WhiteFideId "-1"]
[BlackFideId "-1"]
[PlyCount "86"]
[GameId "546721162633"]
[EventDate "2025.09.14"]
[EventType "team-tourn"]
[EventRounds "9"]
[SourceTitle "Thueringer Schachbund"]
[Source "ThSB"]
[SourceDate "2025.09.14"]
[SourceVersion "1"]
[SourceVersionDate "2025.09.14"]
[SourceQuality "1"]
[WhiteTeam "SV 1861 Liebschwitz"]
[BlackTeam "SC Rochade Leinefelde"]

{[%evp 0,86,25,-3,-3,3,35,11,25,9,17,2,11,11,31,-1,-2,-4,8,-6,-9,-14,-3,2,55,53,101,101,90,99,97,102,126,128,122,119,146,142,143,153,151,164,200,205,227,197,204,196,184,196,256,270,281,227,439,257,492,302,269,249,257,255,257,275,331,379,313,306,300,177,157,129,139,133,137,77,108,103,200,225,231,261,357,194,228,231,455,457,362]} 1. c4 Nf6 2. Nc3 g6 3. g3 Bg7 4. Bg2 O-O 5. Nf3 d6 6. O-O Nc6 7. a3 Bd7 8. d3 a6 9. Qc2 Rb8 10. Rb1 b5 11. Nd5 Nxd5 12. cxd5 Na7 13. Be3 Nc8 14. Rfc1 Rb7 15. Nd4 Bxd4 16. Bxd4 Nb6 17. h4 Na8 18. Qd2 f6 19. Rc2 Rb8 20. Rbc1 Kg7 21. h5 Rh8 22. h6+ Kf7 23. e4 Rf8 24. f4 e5 25. dxe6+ Bxe6 26. b4 Re8 27. Qf2 Re7 28. e5 dxe5 29. fxe5 f5 30. Bc6 Nb6 31. Bc5 Qxd3 32. Bxe7 Kxe7 33. Rc3 Qd8 34. Bg2 Nc4 35. Bf1 Rc8 36. a4 c6 37. Qa7+ Rc7 38. Qf2 Qd5 39. Bxc4 bxc4 40. Rxc4 Qxe5 41. Rxc6 Rxc6 42. Rxc6 Qa1+ 43. Kh2 Qd1 1/2-1/2

[Event "Thüringenliga 2025/26"]
[Site "?"]
[Date "2025.10.26"]
[Round "2.7"]
[White "Hellrung, Bernhard"]
[Black "Meissner, Steffen"]
[Result "1/2-1/2"]
[WhiteElo "1775"]
[BlackElo "1790"]
[WhiteFideId "-1"]
[BlackFideId "-1"]
[PlyCount "50"]
[GameId "546721190231"]
[EventDate "2025.09.14"]
[EventType "team-tourn"]
[EventRounds "9"]
[SourceTitle "Thueringer Schachbund"]
[Source "ThSB"]
[SourceDate "2025.09.14"]
[SourceVersion "1"]
[SourceVersionDate "2025.09.14"]
[SourceQuality "1"]
[WhiteTeam "SC Rochade Leinefelde"]
[BlackTeam "SV 1861 Liebschwitz"]

1. e4 c5 2. c3 d5 3. exd5 Qxd5 4. d4 Nf6 5. Nf3 e6 6. Be2 Be7 7. O-O O-O 8. Na3 Qd8 9. Nc2 Nc6 10. Bg5 cxd4 11. Ncxd4 Bd7 12. Qc2 a6 13. Rfd1 Qc7 14. a3 Rad8 15. h3 Bc8 16. Nxc6 Qxc6 17. Bd3 h6 18. Bh4 b5 19. Ne5 Qc7 20. Re1 Bb7 21. Rad1 Ba8 22. Bxf6 Bxf6 23. Ng4 Bg5 24. Ne3 Qc6 25. Bf1 Qe4 1/2-1/2

[Event "Thüringenliga 2025/26"]
[Site "?"]
[Date "2025.10.26"]
[Round "2.8"]
[White "Nurka, Mario"]
[Black "Pfitzenreuter, Gerald"]
[Result "0-1"]
[WhiteElo "1700"]
[BlackElo "1852"]
[WhiteFideId "-1"]
[BlackFideId "-1"]
[PlyCount "60"]
[GameId "546721233720"]
[EventDate "2025.09.14"]
[EventType "team-tourn"]
[EventRounds "9"]
[SourceTitle "Thueringer Schachbund"]
[Source "ThSB"]
[SourceDate "2025.09.14"]
[SourceVersion "1"]
[SourceVersionDate "2025.09.14"]
[SourceQuality "1"]
[WhiteTeam "SV 1861 Liebschwitz"]
[BlackTeam "SC Rochade Leinefelde"]

1. d4 d5 2. c4 e6 3. Nf3 c6 4. Nc3 Nf6 5. e3 Nbd7 6. Bd3 dxc4 7. Bxc4 b5 8. Bd3 b4 9. Ne4 Qb6 10. O-O c5 11. dxc5 Nxc5 12. Nxc5 Bxc5 13. b3 Bb7 14. Bb2 Rd8 15. Bb5+ Qxb5 16. Nd4 Bxd4 17. exd4 O-O 18. Qd2 Qd5 19. f3 a5 20. Qe3 Rc8 21. Rf2 Rc7 22. h3 Rfc8 23. g4 Rc2 24. Kg2 Rxf2+ 25. Qxf2 Qc6 26. Rc1 Qd7 27. Re1 Nd5 28. Bc1 Qc6 29. a3 Qc2 30. Bd2 bxa3 0-1

[Event "Thüringenliga 2025/26"]
[Site "?"]
[Date "2025.10.26"]
[Round "2.1"]
[White "Brüggemann, Joachim"]
[Black "Sondermann, Johannes"]
[Result "1-0"]
[WhiteElo "2159"]
[BlackElo "1997"]
[WhiteFideId "-1"]
[BlackFideId "-1"]
[PlyCount "103"]
[GameId "546721307460"]
[EventDate "2025.09.14"]
[EventType "team-tourn"]
[EventRounds "9"]
[SourceTitle "Thueringer Schachbund"]
[Source "ThSB"]
[SourceDate "2025.09.14"]
[SourceVersion "1"]
[SourceVersionDate "2025.09.14"]
[SourceQuality "1"]
[WhiteTeam "Erfurter SK 2"]
[BlackTeam "Meuselwitzer SV"]

1. e4 c5 2. Nf3 d6 3. d4 Nf6 4. Nc3 cxd4 5. Nxd4 g6 6. Be3 Bg7 7. f3 Nc6 8. Bc4 O-O 9. Qd2 Bd7 10. O-O-O Rc8 11. Bb3 Nxd4 12. Bxd4 b5 13. Rhe1 a5 14. e5 dxe5 15. Bxe5 a4 16. Bxf6 Bxf6 17. Qxd7 Qxd7 18. Rxd7 axb3 19. axb3 Bxc3 20. bxc3 Rxc3 21. Rdxe7 Kg7 22. Re8 Rxe8 23. Rxe8 Kf6 24. Kd2 Rc5 25. Re4 Rd5+ 26. Kc3 Rc5+ 27. Kd3 Rd5+ 28. Rd4 Rh5 29. h3 Rg5 30. g4 Re5 31. Rf4+ Kg7 32. c4 bxc4+ 33. Kxc4 f5 34. b4 Kf6 35. b5 Ke6 36. gxf5+ gxf5 37. Rh4 Re3 38. f4 Kd6 39. Rh6+ Kc7 40. Rxh7+ Kb6 41. Rh6+ Kb7 42. Kc5 Rc3+ 43. Kd4 Rb3 44. b6 Rb4+ 45. Ke3 Rb3+ 46. Kf2 Ka6 47. h4 Kb5 48. h5 Kc4 49. Rf6 Kd4 50. h6 Ke4 51. h7 Rb2+ 52. Ke1 1-0

[Event "Thüringenliga 2025/26"]
[Site "?"]
[Date "2025.10.26"]
[Round "2.2"]
[White "Sniegowski, Richard"]
[Black "Kölsch, Maximilian"]
[Result "1/2-1/2"]
[WhiteElo "1949"]
[BlackElo "2170"]
[WhiteFideId "-1"]
[BlackFideId "-1"]
[PlyCount "84"]
[GameId "546723031329"]
[EventDate "2025.09.14"]
[EventType "team-tourn"]
[EventRounds "9"]
[SourceTitle "Thueringer Schachbund"]
[Source "ThSB"]
[SourceDate "2025.09.14"]
[SourceVersion "1"]
[SourceVersionDate "2025.09.14"]
[SourceQuality "1"]
[WhiteTeam "Meuselwitzer SV"]
[BlackTeam "Erfurter SK 2"]

1. e4 c5 2. c3 d6 3. d4 Nf6 4. Bd3 Nc6 5. Ne2 e5 6. d5 Ne7 7. O-O Ng6 8. Bb5+ Bd7 9. Bxd7+ Qxd7 10. Qd3 Be7 11. b4 cxb4 12. cxb4 O-O 13. Nbc3 a6 14. a4 Rfc8 15. a5 Qc7 16. f3 Qc4 17. Qb1 h5 18. Be3 h4 19. Rc1 Nh5 20. Ra2 Nhf4 21. Bxf4 Nxf4 22. Nxf4 Qd4+ 23. Kh1 Rxc3 24. Rxc3 Qxc3 25. Rc2 Qe3 26. Nh3 Bd8 27. Qc1 Qxc1+ 28. Rxc1 Kf8 29. Kg1 Ke8 30. Kf1 Rb8 31. Nf2 Kd7 32. h3 g6 33. Ke2 f5 34. Nd3 b6 35. axb6 Bxb6 36. Ra1 Ra8 37. Rc1 Bd4 38. Rc2 Rc8 39. Rxc8 Kxc8 40. Nc1 Kb7 41. Kd3 Kb6 42. Kc4 Be3 1/2-1/2

[Event "Thüringenliga 2025/26"]
[Site "?"]
[Date "2025.10.26"]
[Round "2.3"]
[White "Seinsoth, Paul"]
[Black "Bellmann, Daniel"]
[Result "1-0"]
[WhiteElo "2031"]
[BlackElo "1866"]
[WhiteFideId "-1"]
[BlackFideId "-1"]
[PlyCount "99"]
[GameId "546723166654"]
[EventDate "2025.09.14"]
[EventType "team-tourn"]
[EventRounds "9"]
[SourceTitle "Thueringer Schachbund"]
[Source "ThSB"]
[SourceDate "2025.09.14"]
[SourceVersion "1"]
[SourceVersionDate "2025.09.14"]
[SourceQuality "1"]
[WhiteTeam "Erfurter SK 2"]
[BlackTeam "Meuselwitzer SV"]

1. e4 c6 2. d4 d5 3. e5 c5 4. c3 Nc6 5. Be2 cxd4 6. cxd4 Qb6 7. Nc3 e6 8. Nf3 Nge7 9. O-O Nf5 10. Na4 Qd8 11. a3 Be7 12. b4 O-O 13. Bb2 b6 14. Bd3 g6 15. b5 Na5 16. Bc3 Bb7 17. Bxa5 bxa5 18. Nc5 Bc8 19. Bxf5 gxf5 20. Qd2 Qb6 21. a4 Kh8 22. Nb3 Bd8 23. Rab1 Rg8 24. Rfc1 Bd7 25. Nc5 Bc8 26. Rb3 Be7 27. Qh6 Qd8 28. Qh5 Rg7 29. Rbc3 Qg8 30. g3 Bd8 31. Qh6 Rg6 32. Qd2 Bb6 33. Nd3 Bd7 34. Nf4 Rg7 35. Nh5 Rg6 36. Nf6 Qd8 37. Ng5 Rxf6 38. exf6 Qxf6 39. Nf3 Qe7 40. Ne5 Be8 41. Rc8 Rxc8 42. Rxc8 f6 43. Nc6 Qd7 44. Qh6 Kg8 45. Qxf6 h5 46. Ne7+ Kh7 47. Qf8 Bd8 48. Qg8+ Kh6 49. Qh8+ Kg5 50. Qg7+ 1-0

[Event "Thüringenliga 2025/26"]
[Site "?"]
[Date "2025.10.26"]
[Round "2.4"]
[White "Barth, Jürgen"]
[Black "Krüger, Rainer"]
[Result "1/2-1/2"]
[WhiteElo "1781"]
[BlackElo "2027"]
[WhiteFideId "-1"]
[BlackFideId "-1"]
[PlyCount "62"]
[GameId "546723200419"]
[EventDate "2025.09.14"]
[EventType "team-tourn"]
[EventRounds "9"]
[SourceTitle "Thueringer Schachbund"]
[Source "ThSB"]
[SourceDate "2025.09.14"]
[SourceVersion "1"]
[SourceVersionDate "2025.09.14"]
[SourceQuality "1"]
[WhiteTeam "Meuselwitzer SV"]
[BlackTeam "Erfurter SK 2"]

1. d4 Nf6 2. c4 g6 3. Nc3 d5 4. cxd5 Nxd5 5. e4 Nxc3 6. bxc3 c5 7. Bb5+ Bd7 8. Qa4 Bg7 9. Ne2 O-O 10. Be3 a6 11. Bxd7 Nxd7 12. Qa3 cxd4 13. cxd4 b5 14. O-O Nb6 15. Rac1 Nc4 16. Qb3 Qd7 17. Rfd1 Nxe3 18. Qxe3 Rfc8 19. h3 Rxc1 20. Rxc1 Rd8 21. d5 e6 22. Nf4 Bh6 23. dxe6 fxe6 24. Rf1 Qd2 25. Qxd2 Rxd2 26. Nxe6 Rxa2 27. Rd1 Kf7 28. Nc7 Kf6 29. Rd6+ Ke5 30. Re6+ Kd4 31. Nxa6 Bf4 1/2-1/2

[Event "Thüringenliga 2025/26"]
[Site "?"]
[Date "2025.10.26"]
[Round "2.5"]
[White "Zitzelsberger, Philipp"]
[Black "Ignatova, Gabriela"]
[Result "1-0"]
[WhiteElo "1936"]
[BlackElo "1691"]
[WhiteFideId "-1"]
[BlackFideId "-1"]
[PlyCount "103"]
[GameId "546724484397"]
[EventDate "2025.09.14"]
[EventType "team-tourn"]
[EventRounds "9"]
[SourceTitle "Thueringer Schachbund"]
[Source "ThSB"]
[SourceDate "2025.09.14"]
[SourceVersion "1"]
[SourceVersionDate "2025.09.14"]
[SourceQuality "1"]
[WhiteTeam "Erfurter SK 2"]
[BlackTeam "Meuselwitzer SV"]

{[%evp 0,82,19,25,20,-6,53,14,45,-28,24,32,5,-10,-18,-26,17,33,16,8,44,-21,-21,-7,-21,-66,-33,-41,-2,-77,-65,-70,-73,-87,-54,-56,-49,-44,-26,-23,-15,-73,-26,-14,203,189,288,296,387,307,307,321,313,309,338,324,310,327,328,242,282,277,359,304,353,368,366,335,402,389,417,389,492,541,745,798,957,677,851,902,910,907,1489,729,1374]} 1. d4 d5 2. c4 dxc4 3. Nc3 a6 4. a4 c5 5. e3 cxd4 6. exd4 Nc6 7. Nf3 Bg4 8. Bxc4 e6 9. Be3 Rc8 10. Be2 Nf6 11. O-O Bb4 12. Bg5 Be7 13. Qb3 Bxf3 14. Bxf6 Bxf6 15. Bxf3 Nxd4 16. Qxb7 Nxf3+ 17. Qxf3 Qb6 18. Ne4 Be5 19. Qa3 f5 20. Ng5 h6 21. Nf3 Qxb2 22. Qe3 Bxh2+ 23. Kxh2 Kf7 24. Rab1 Qf6 25. Ne5+ Kg8 26. Rb7 Kh7 27. Rf7 Qh4+ 28. Kg1 Rhf8 29. Rxf8 Rxf8 30. Qc5 Rf6 31. a5 {[%emt 0:00:00]} f4 32. Qc2+ Rf5 33. Nf3 Qf6 34. Re1 Kg8 35. Qc8+ Kf7 36. Qxa6 g5 37. Qb7+ Kg6 38. Qe4 Kh5 39. Ne5 g4 40. a6 Qe7 41. Qb7 Qc5 42. a7 Rxe5 43. Qf7+ Kh4 44. Qf6+ Rg5 45. Qxh6+ Rh5 46. Qf6+ Rg5 47. Qxf4 Rf5 48. Qh6+ Rh5 49. Qf6+ Rg5 50. a8=Q g3 51. Qah8+ Kg4 52. Qf3# 1-0

[Event "Thüringenliga 2025/26"]
[Site "?"]
[Date "2025.10.26"]
[Round "2.6"]
[White "Schmidt, Jörg"]
[Black "Rüther, Rudolf"]
[Result "0-1"]
[WhiteElo "1720"]
[BlackElo "1985"]
[WhiteFideId "-1"]
[BlackFideId "-1"]
[PlyCount "86"]
[GameId "546724570499"]
[EventDate "2025.09.14"]
[EventType "team-tourn"]
[EventRounds "9"]
[SourceTitle "Thueringer Schachbund"]
[Source "ThSB"]
[SourceDate "2025.09.14"]
[SourceVersion "1"]
[SourceVersionDate "2025.09.14"]
[SourceQuality "1"]
[WhiteTeam "Meuselwitzer SV"]
[BlackTeam "Erfurter SK 2"]

1. e4 e6 2. d4 d5 3. Nd2 dxe4 4. Nxe4 Nd7 5. Nf3 Ngf6 6. Bg5 Be7 7. Bd3 h6 8. Bh4 Nxe4 9. Bxe7 Qxe7 10. Bxe4 Qb4+ 11. Qd2 Qxb2 12. O-O Qa3 13. Rfb1 c6 14. Rb3 Qd6 15. c4 O-O 16. Re1 Nf6 17. Bc2 c5 18. Ne5 Rd8 19. Rg3 Kf8 20. Ree3 cxd4 21. Re1 Bd7 22. Rf3 Qe7 23. g4 Bc6 24. Rh3 Ng8 25. Bh7 d3 26. Qf4 Qf6 27. Qd2 Rd4 28. Bxd3 Rad8 29. Qb4+ Qe7 30. Qc3 Qf6 31. Qa3+ Ne7 32. Nxc6 bxc6 33. Be4 Kg8 34. Rf3 Qg5 35. Qxa7 Rxc4 36. Qc7 Rcd4 37. h3 R4d7 38. Qg3 Qd2 39. Ree3 Qxa2 40. g5 Qa1+ 41. Kg2 Rd1 42. Ra3 Rg1+ 43. Kh2 Rh1+ 0-1

[Event "Thüringenliga 2025/26"]
[Site "?"]
[Date "2025.10.26"]
[Round "2.7"]
[White "Heitmann, Erik"]
[Black "Scheiding, Sophia"]
[Result "1-0"]
[WhiteElo "1771"]
[BlackElo "1684"]
[WhiteFideId "-1"]
[BlackFideId "-1"]
[PlyCount "61"]
[GameId "546724593484"]
[EventDate "2025.09.14"]
[EventType "team-tourn"]
[EventRounds "9"]
[SourceTitle "Thueringer Schachbund"]
[Source "ThSB"]
[SourceDate "2025.09.14"]
[SourceVersion "1"]
[SourceVersionDate "2025.09.14"]
[SourceQuality "1"]
[WhiteTeam "Erfurter SK 2"]
[BlackTeam "Meuselwitzer SV"]

1. d4 d6 2. c4 Nd7 3. Nc3 Ngf6 4. e4 e5 5. d5 Be7 6. f3 c6 7. Be3 O-O 8. Nge2 Nh5 9. Qd2 Nb6 10. b3 f5 11. exf5 Nf6 12. Ng3 cxd5 13. cxd5 Bd7 14. Bd3 Kh8 15. Be4 Rc8 16. Rc1 Ng8 17. Qd3 Bg5 18. O-O Bxe3+ 19. Qxe3 Nf6 20. Nge2 a6 21. g4 Rc5 22. Rfd1 Qc7 23. a3 Qb8 24. Qf2 Nc8 25. Qh4 Qa7 26. Kh1 Ne7 27. g5 Nxe4 28. fxe4 Ng8 29. Rd3 Rcc8 30. Rh3 h6 31. Rg1 1-0

[Event "Thüringenliga 2025/26"]
[Site "?"]
[Date "2025.10.26"]
[Round "2.8"]
[White "Schmidt, Jens"]
[Black "Tran, Anh Duc Kevin"]
[Result "0-1"]
[WhiteElo "1713"]
[BlackElo "1853"]
[WhiteFideId "-1"]
[BlackFideId "-1"]
[PlyCount "142"]
[GameId "546724612025"]
[EventDate "2025.09.14"]
[EventType "team-tourn"]
[EventRounds "9"]
[SourceTitle "Thueringer Schachbund"]
[Source "ThSB"]
[SourceDate "2025.09.14"]
[SourceVersion "1"]
[SourceVersionDate "2025.09.14"]
[SourceQuality "1"]
[WhiteTeam "Meuselwitzer SV"]
[BlackTeam "Erfurter SK 2"]

1. d4 Nf6 2. Nf3 d5 3. e3 e6 4. Bd3 Bd6 5. O-O O-O 6. Nbd2 b6 7. b3 Bb7 8. Bb2 c5 9. Ne5 Nc6 10. a3 Ne7 11. f4 Ne4 12. Rc1 Rc8 13. c4 Nf5 14. Qe2 Qe7 15. a4 f6 16. Ng4 Nxd2 17. Qxd2 Qf7 18. Nf2 Nh4 19. cxd5 Bxd5 20. Ne4 Be7 21. Qf2 f5 22. Nd6 Bxd6 23. Qxh4 Bxb3 24. Bb5 Qb7 25. dxc5 Bxc5 26. Qg3 Rf7 27. Rc3 Bd5 28. Rfc1 Rd8 29. Bc4 Bxc4 30. Rxc4 Rfd7 31. h3 Rd3 32. Re1 R8d7 33. Be5 Qd5 34. Rcc1 Qe4 35. Kh2 Rxe3 36. Rxe3 Qxe3 37. Qxe3 Bxe3 38. Rc6 Kf7 39. Rc3 Bd4 40. Bxd4 Rxd4 41. Rc7+ Kf6 42. Rxa7 Rxf4 43. a5 bxa5 44. Rxa5 Rd4 45. Kg3 h6 46. Kf3 g5 47. g3 g4+ 48. hxg4 Rxg4 49. Ra8 Kg7 50. Re8 Re4 51. Re7+ Kg6 52. Re8 Kg7 53. Re7+ Kf6 54. Rh7 Kg6 55. Re7 e5 56. Re6+ Kg5 57. Re8 Kf6 58. Rh8 Kg7 59. Re8 h5 60. Re7+ Kg6 61. Re6+ Kg5 62. Re8 h4 63. Rg8+ Kf6 64. Rf8+ Kg6 65. gxh4 Rxh4 66. Re8 Rh3+ 67. Kf2 e4 68. Rf8 Kg5 69. Rg8+ Kf4 70. Rf8 Rh2+ 71. Ke1 Ke3 0-1

[Event "Thüringenliga 2025/26"]
[Site "?"]
[Date "2025.10.26"]
[Round "2.1"]
[White "Machelett, Heiko"]
[Black "Aniol, Adrian"]
[Result "1-0"]
[WhiteElo "2290"]
[BlackElo "1947"]
[WhiteFideId "-1"]
[BlackFideId "-1"]
[PlyCount "87"]
[GameId "546725779645"]
[EventDate "2025.09.14"]
[EventType "team-tourn"]
[EventRounds "9"]
[SourceTitle "Thueringer Schachbund"]
[Source "ThSB"]
[SourceDate "2025.09.14"]
[SourceVersion "1"]
[SourceVersionDate "2025.09.14"]
[SourceQuality "1"]
[WhiteTeam "TSG Apolda"]
[BlackTeam "VfL 1990 Gera"]

1. Nf3 b6 2. c4 Bb7 3. Nc3 Nf6 4. d4 e6 5. a3 Ne4 6. Nxe4 Bxe4 7. Nd2 d5 8. Nxe4 dxe4 9. g3 f5 10. Bg2 Nc6 11. Be3 Qd7 12. Qa4 Rd8 13. Rd1 Ne5 14. Qb3 Ng4 15. Bg5 Be7 16. Bxe7 Qxe7 17. f3 exf3 18. exf3 Nf6 19. O-O O-O 20. Rfe1 Qd6 21. f4 Rfe8 22. Qc2 c5 23. d5 exd5 24. cxd5 Rxe1+ 25. Rxe1 Ne4 26. Bf3 Rd7 27. Bxe4 Re7 28. Kf2 fxe4 29. Rxe4 Qg6 30. Re2 Qxc2 31. Rxc2 Rd7 32. Rd2 b5 33. Kf3 Kf7 34. f5 Ke7 35. g4 Kd6 36. Kf4 c4 37. g5 Rf7 38. h4 g6 39. f6 a5 40. Ke4 Rc7 41. Rf2 Rc8 42. Kd4 b4 43. axb4 axb4 44. f7 1-0

[Event "Thüringenliga 2025/26"]
[Site "?"]
[Date "2025.10.26"]
[Round "2.2"]
[White "Aniol, Nico"]
[Black "Goemann, Jens"]
[Result "1-0"]
[WhiteElo "2009"]
[BlackElo "2025"]
[WhiteFideId "-1"]
[BlackFideId "-1"]
[PlyCount "50"]
[GameId "546725779646"]
[EventDate "2025.09.14"]
[EventType "team-tourn"]
[EventRounds "9"]
[SourceTitle "Thueringer Schachbund"]
[Source "ThSB"]
[SourceDate "2025.09.14"]
[SourceVersion "1"]
[SourceVersionDate "2025.09.14"]
[SourceQuality "1"]
[WhiteTeam "VfL 1990 Gera"]
[BlackTeam "TSG Apolda"]

1. c4 Nf6 2. Nc3 g6 3. g3 Bg7 4. Bg2 O-O 5. Nf3 c6 6. O-O d6 7. d3 e5 8. e4 a5 9. h3 Na6 10. Kh2 Re8 11. Ne1 Nc7 12. Be3 d5 13. cxd5 cxd5 14. Bb6 Qd6 15. Bxc7 Qxc7 16. exd5 Qb6 17. Qb3 Ra6 18. Nc2 Bd7 19. Ne3 a4 20. Qxb6 Rxb6 21. Nc4 Rb4 22. a3 Rb3 23. Rab1 Bf5 24. Rfd1 Rd8 25. Na5 Rb5 1-0

[Event "Thüringenliga 2025/26"]
[Site "?"]
[Date "2025.10.26"]
[Round "2.3"]
[White "Kroh, Christian"]
[Black "Seidens, Gunter"]
[Result "1/2-1/2"]
[WhiteElo "1870"]
[BlackElo "1927"]
[WhiteFideId "-1"]
[BlackFideId "-1"]
[PlyCount "101"]
[GameId "546725779647"]
[EventDate "2025.09.14"]
[EventType "team-tourn"]
[EventRounds "9"]
[SourceTitle "Thueringer Schachbund"]
[Source "ThSB"]
[SourceDate "2025.09.14"]
[SourceVersion "1"]
[SourceVersionDate "2025.09.14"]
[SourceQuality "1"]
[WhiteTeam "TSG Apolda"]
[BlackTeam "VfL 1990 Gera"]

1. d4 d5 2. Nf3 Nf6 3. e3 Bg4 4. c4 e6 5. Nc3 Be7 6. Qb3 b6 7. Ne5 O-O 8. Nxg4 Nxg4 9. cxd5 Bh4 10. g3 Qf6 11. Qc2 Bg5 12. Bg2 e5 13. dxe5 Qxe5 14. h3 Nxe3 15. Bxe3 Bxe3 16. Qe2 Bd4 17. Qxe5 Bxe5 18. Rc1 Nd7 19. O-O Rac8 20. Rc2 f5 21. Bf3 Rfe8 22. Nb5 a6 23. Na7 Ra8 24. Nc6 Bd6 25. Nd4 g6 26. Ne6 Nc5 27. Nxc5 bxc5 28. Re2 Rxe2 29. Bxe2 Kf7 30. Bc4 a5 31. Re1 Rb8 32. Re2 Rb4 33. b3 Rb8 34. Kg2 Kf6 35. Kf3 Ra8 36. Re6+ Kf7 37. Ke2 a4 38. Kd3 a3 39. Re1 Rb8 40. Re2 Rb4 41. Re6 Kf8 42. g4 fxg4 43. hxg4 Kf7 44. Ke4 Rb6 45. f4 Rb8 46. f5 gxf5+ 47. Kxf5 Kg7 48. g5 Rf8+ 49. Rf6 Re8 50. Re6 Rf8+ 51. Rf6 1/2-1/2